000 00496pab a2200169 454500
008 180718b2007 xxu||||| |||| 00| 0 eng d
100 _aMukherji, Aditi
245 _aImplications of alternative institutional arrangements in groundwater sharing: evidence from West Bengal
260 _c2007
300 _ap.2543-55.1
362 _a30 Jun
650 _aGroundwater - India - West Bengal
650 _aGroundwater
773 _aEconomic and Political Weekly
908 _aN
909 _a75154
999 _c75154
_d75154